LEADER 00876nam a2200205 i 4500 001 000000244271 003 CaOOAMICUS 005 20150803000000.0 008 150803s1814 it u000 u ita u 013 $a223176 026 $aa.o- vaMa i;er (G1. (3) 1814 (A) 040 $aSeMil$bita 245 10$aTom. 3. 300 $a287, [1] p. 773 0 $aGiraudeau, Bonaventure <1697-1774>$tVangelo secondo la concordanza de' quattro evangelisti esposto in meditazioni e distribuito per tutti i giorni dell'anno. Traduzione di un sacerdote torinese.$dMilano : Presso Maspero e Boucher successori dei Galeazzi in contrada S. Margherita, n. 1108, 1814.$g3$w()32338 850 $aSeMil 852 $aSeMil$W1$xVenegono$y1$m2V II 136 FA$j194617$B194617$CSeMilBibl$Z2$F205151 $8I 941 1 $a10 961 $aRecupero: Mantegazza 996 $6245$aTom. 3$9(OLS)http://semarc/title/136894 LEADER 00954nam a2200241 i 4500 001 000000074554 003 CaOOAMICUS 005 20070517000000.0 008 070517s1930 it u000 u ita u 013 $a45726 040 $aSeMil$bita 100 1 $aTarozzi, Giuseppe.$0(OLS)http://semarc/name/36897 245 12$aL'esistenza e l'anima /$cGiuseppe Tarozzi. 260 $aBari :$bLaterza & Figli,$c1930. 300 $aXVI, 240 p. ;$c21 cm. 490 0 $aBiblioteca di cultura moderna 650 4$aEsistenza - Filosofia.$0(OLS)http://semarc/subject/11396 650 4$aAnima - Filosofia.$0(OLS)http://semarc/subject/2216 830 0$aBiblioteca di cultura moderna.$0(OLS)http://semarc/title/639 850 $aSeMil 852 $aSeMil$W1$xVenegono$y1$m1D III 2$j40706$B40706$CSeMilBibl$Z2$F40710 $81 996 $6245$aL'esistenza e l'anima$9(OLS)http://semarc/title/120877 996 $6260$aBari :$bLaterza & Figli$9(OLS)http://semarc/publisher/29663